William Verry Ltd v The Mayor and Burgesses of the London Borough of Camden (Record no. 77939)
[ view plain ]
| 000 -LEADER | |
|---|---|
| fixed length control field | 02140cab a2200217 4500 |
| 001 - CONTROL NUMBER | |
| control field | ##L135562 |
| 008 - FIXED-LENGTH DATA ELEMENTS--GENERAL INFORMATION | |
| fixed length control field | 061108n2006 000 0 eng u |
| 035 ## - SYSTEM CONTROL NUMBER | |
| System control number | (Sirsi) u135562 |
| 041 0# - LANGUAGE CODE | |
| Language code of text/sound track or separate title | eng |
| 245 00 - TITLE STATEMENT | |
| Title | William Verry Ltd v The Mayor and Burgesses of the London Borough of Camden |
| 260 ## - PUBLICATION, DISTRIBUTION, ETC. | |
| Date of publication, distribution, etc. | 2006 |
| 520 ## - SUMMARY, ETC. | |
| Summary, etc. | [2006] EWHC 761 (TCC), 20 March 2006. Considered whether a final valuation could be used to defeat an adjudicator's decision on an interim valuation. W and C entered into a contract and valuations were carried out by an independent firm of quantity surveyors. There had been three adjudications concerning valuations, with the third adjudication determining the interim valuation at practical completion as £6 487 648.37, with C paying V £532 351.61 plus VAT and interest. Before this decision was given, the contract administrator issued a final certificate showing a gross valuation of £5 755 655.51 and an amount due to V of only £46 020.11. After the third adjudicator's decision, C gave notice it would deduct liquidated damages awarded by the third adjudicator from the amount in the final certificate, leaving V owing C £35 275.61. C refused to pay on the third adjudicator's decision and V applied for summary judgment. "Held": the third adjudicator's decision should be enforced and V was entitled to the full amount. An adjudicator's decision was not simply a contractual obligation that could be reduced by other contractual obligations and there was no right to set-off from such an adjudicator's decision. |
| 590 ## - LOCAL NOTE (RLIN) | |
| Local note | IKA141106 |
| 650 24 - SUBJECT ADDED ENTRY--TOPICAL TERM | |
| Topical term or geographic name entry element | WILLIAM VERRY LTD V CAMDEN LBC |
| 650 24 - SUBJECT ADDED ENTRY--TOPICAL TERM | |
| Topical term or geographic name entry element | JCT INTERMEDIATE FORM OF BUILDING CONTRACT FOR WORKS OF SIMPLE CONTENT (1998 EDITION) |
| 650 24 - SUBJECT ADDED ENTRY--TOPICAL TERM | |
| Topical term or geographic name entry element | HOUSING GRANTS, CONSTRUCTION AND REGENERATION ACT 1996 |
| 651 #4 - SUBJECT ADDED ENTRY--GEOGRAPHIC NAME | |
| Geographic name | England and Wales |
| Chronological subdivision | 1543- |
| 690 ## - LOCAL SUBJECT ADDED ENTRY--TOPICAL TERM (OCLC, RLIN) | |
| Topical term or geographic name as entry element | MANAGEMENT-DISPUTE AVOIDANCE, MANAGEMENT AND RESOLUTION-DISPUTE MANAGEMENT AND RESOLUTION-ALTERNATIVE DISPUTE RESOLUTION-ADJUDICATION |
| 856 40 - ELECTRONIC LOCATION AND ACCESS | |
| Uniform Resource Identifier | <a href="https://www.bailii.org/cgi-bin/markup.cgi?doc=/ew/cases/EWHC/TCC/2006/761.html">https://www.bailii.org/cgi-bin/markup.cgi?doc=/ew/cases/EWHC/TCC/2006/761.html</a> |
| Public note | View the judgment free of charge at www.bailii.org... |
| 942 ## - ADDED ENTRY ELEMENTS (KOHA) | |
| Suppress in OPAC | 0 |
| Withdrawn status | Lost status | Source of classification or shelving scheme | Damaged status | Not for loan | Home library | Current library | Shelving location | Date acquired | Total Checkouts | Full call number | Barcode | Date last seen | Copy number | Price effective from | Koha item type |
|---|---|---|---|---|---|---|---|---|---|---|---|---|---|---|---|
| Dewey Decimal Classification | Virtual | Virtual | Online | 08/11/2006 | ONLINE PUBLICATION | 135562-2001 | 06/08/2019 | 1 | 06/08/2019 | Law report |